000 01042nam a22002778a 4500
005 20090616145739.0
008 090417s2009 ii 000 0 eng
010 _aENG-94035
020 _a9788188222322
_c425.00
020 _a8188222321
_c425.00
035 _aEN-77568
037 _bDBAD / VEN
040 _adpl
_bEnglish
082 _a530.076
100 _aSingh, D.B.
245 _aPhysics for AIEEE (All India Engineering Entrance Exam)
_cby D.B. Singh
260 _aMeerut
_bArihant Prakashan
_c2008
270 _aKalindi, TP Nagar,
_bMeerut
300 _aVarious pagings
_c30cm(pbk)
490 _aLeading Edge Resources series 2009-10
650 _aAll India Engineering Entrance Exam
650 _aPhysics
_xExaminations, questions, etc.
942 _2ddc
_cEN
_mSIN
_h530.076
999 _c27515
_d27515